000 00408nam a2200133Ia 4500
005 20260328101509.0
008 260328s9999||||xx |||||||||||||| ||und||
100 _aGresleri, Giuliano
245 0 _aL'espirit Nouveau - Le Corbusier :
_b Costruzione e ricostruzione di un Prototipo dell' architettura Moderna /
_cGiuliano Gresleri
260 _bElecta
300 _a189 p.
650 _aARQUITECTOS
942 _cBK
999 _c9125
_d9125